L'Ukraine pour les touristes... - Statistiques

Statistiques générales
  • Ce quiz a été pris 25 fois
    20 depuis la dernière actualisation
  • Le résultat moyen est 8 sur 20
Statistiques - réponses
Question Indice Réponses % Correct
Quelles autres langues sont parlées ? R Russe
100%
Quelle est la langue officielle ? Ukrainien
95%
Quelles sont les principales villes touristiques ? K Kiev
84%
La conduite se fait à droite ou à gauche ? Droite
79%
Dans la capitale y-a-t-il un décalage horaire avec Paris ? (oui/non) Oui
74%
Quelles sont les principales villes touristiques ? L Lviv
63%
Le taux d'alcoolémie toléré au volant est de {0} g/l
58%
La vitesse est limitée sur autoroutes à {130} km/h
58%
Quelles autres langues sont parlées ? A Anglais
58%
Quelle est la monnaie ? Hryvnia
26%
Le suffixe internet est ua
26%
Quelles sont les principales villes touristiques ? Y Yalta
26%
Quelles sont les principales villes touristiques ? T Tchernihiv
16%
Achats à faire 3/ Poupée locale Motanka
11%
Achats à faire 2/ Fabriquée avec de l'argile Poterie
11%
Achats à faire 1/ Chemise brodée appelée Vyshyvank
11%
La religion majoritaire est Orthodoxisme
5%
Quelles sont les principales villes touristiques ? B Bakota
0%
Quelles sont les principales villes touristiques ? M Myrhorod
0%
Quelles sont les principales villes touristiques ? P Poitava
0%
Aucun quiz correspondant
Distribution des résultats
% des personnes avec chaque résultat
Percentile par nombre de réponses
Votre historique - résultats
Vous n’avez pas pris ce quiz depuis la dernière actualisation